Guia 1983 de vacances joves / SIPAJ [Servei d'Informacíó i Promoció d'Activitats Juvenils]
Descripción Física:
342 p. : il. ; 24 cm
MARC
| LEADER | 00000nam a2200000Ia 4500 | ||
|---|---|---|---|
| 001 | 1526 | ||
| 008 | 160829s1983 xx 000 0 cat d | ||
| 080 | |a S-1-117 | ||
| 245 | |a Guia 1983 de vacances joves / SIPAJ [Servei d'Informacíó i Promoció d'Activitats Juvenils] | ||
| 260 | |a Barcelona : |b Generalitat de Catalunya, Direcció General de Joventut, |c 1983 | ||
| 300 | |a 342 p. : |b il. ; |c 24 cm | ||
| 650 | |a LLeure i joventut |x Guies |9 31542 | ||
| 650 | |a Vacances |x Guies |9 31543 | ||
| 700 | |a Catalunya. Direcció General de Joventut |9 31544 | ||
| 700 | |a SIPAJ |9 31545 | ||
| 901 | |a Arxiu | ||
| 942 | |n 1 | ||
| 952 | |0 0 |1 0 |4 0 |6 S1117 |7 1 |9 47138 |a Arxiu |b Arxiu |d 2016-12-01 |l 0 |o S-1-117 |p 1526 |r 2016-12-01 00:00:00 |w 2016-12-01 |y ARXIU | ||
| 999 | |c 50935 |d 50935 | ||